000 00935nas a2200277 4500
001 BR8302006
003 BR-BrBNA
005 20231205085526.0
007 ta
008 230509b bl.|||p| |||| 00| 00por d
040 _aBR-BrBNA
_bpor
_cBiblioteca Nacional de Agricultura
041 _a(Pt)
072 _aH10
100 1 _aLink, D.
100 1 _aGrazia, J.
245 1 _aPentatomideos capturados em armadilha luminosa, em Santa Maria, Rio Grande do Sul, Brasil [heteroptero]
246 1 _aPentatomids captured with blacklight trap at Santa Maria, Rio Grande do Sul, Brazil [heteroptero]
650 _aHETEROPTERO
650 _aARMADILHA LUMINOSA
650 _aCAPTURA
650 _aSANTA MARIA
650 _aRIO GRANDE DO SUL
773 0 _tAnais da Sociedade Entomologica do Brasil (Brazil)
_xISSN 0301-8059
_g(1983), v. 12(1) p. 123-125
_wBR8302006
909 _a202311
_bLúcia
_c55
_dLúcia Elande
942 _2AGRIS
_n0
_cANA
999 _c111999
_d111999